| 000 | 00734nam a22001937a 4500 | ||
|---|---|---|---|
| 003 | BD-DhUL | ||
| 005 | 20160829120008.0 | ||
| 008 | 160829s1977 b ||||| |||| 001 0 b d | ||
| 040 |
_aBD-DhUL _cBD-DhUL |
||
| 082 |
_a907 _bMUI |
||
| 100 | 1 | _aচৌধুরী, মোহাম্মদ মুসলিম | |
| 245 | 1 | 0 |
_aইতিহাস শিক্ষা প্রনালী / _cমোহাম্মদ মুসলিম চৌধুরী |
| 260 |
_aঢাকা : _bবাংলা একাডেমী, _cc ১৯৭৭ |
||
| 300 |
_a১৪৮ পৃ. : _c১৮ সে.মি. |
||
| 500 | _a নির্ঘন্ট সংবলিত | ||
| 650 | 0 | _aইতিহাস | |
| 650 | 0 | _aHistory | |
| 942 |
_2ddc _cBK |
||
| 999 |
_c102237 _d102237 |
||